| 000 | 01480nam a2200409 i 4500 | ||
|---|---|---|---|
| 001 | 25587 | ||
| 003 | KOSZ 005 | ||
| 005 | 20220117144029.0 | ||
| 008 | 071021s1968 pl a f |000 0 pol | ||
| 015 | _aPB 1968/8440 | ||
| 040 |
_aWA N _cWA N _dKOSZ 005/RW |
||
| 046 | _k1968 | ||
| 080 | _a658.2 | ||
| 080 | _a621 | ||
| 080 | _a512 | ||
| 100 | 1 |
_aBudzyński, Stanisław _eAutor |
|
| 245 | 1 | 0 |
_aMatematyczne metody optymalizacyjne w projektowaniu zakładów przemysłowych : _bzagadnienie obciążenia maszyn i urządzeń / _cStanisław Budzyński, Alfons Chorobiński ; Centrum Obliczeniowe Polskiej Akademii Nauk. |
| 260 |
_aWarszawa : _bPaństwowe Wydawnictwo Naukowe, _c1968. |
||
| 300 |
_a39 stron : _bilustracje ; _c23 cm. |
||
| 336 |
_aTekst _btxt _2rdacontent |
||
| 337 |
_aBez urządzenia pośredniczącego _bn _2rdamedia |
||
| 338 |
_aWolumin _bnc _2rdsacarrier |
||
| 380 | _aKsiążki | ||
| 380 | _aPublikacje fachowe | ||
| 388 | _a1901-2000 | ||
| 504 | _aBibliografia na stronie 39. | ||
| 650 | 4 | _aZdolność produkcyjna | |
| 650 | 4 | _aProjekty | |
| 650 | 4 | _aPrzedsiębiorstwo | |
| 650 | 4 | _aAlgebra | |
| 650 | 4 | _aPlanowanie | |
| 658 | _aInżynieria i technika | ||
| 700 | 1 |
_aChorobiński, Alfons _eAutor |
|
| 710 | 2 |
_aPaństwowe Wydawnictwo Naukowe _4pbl. |
|
| 856 |
_uhttp://koha.tu.koszalin.pl/cgi-bin/koha/opac-detail.pl?biblionumber=25587 _yKatalog online BPK |
||
| 942 |
_2UKD _cKS |
||
| 999 |
_c25587 _d25587 |
||